000 nam a22 7a 4500
999 _c55211
_d55211
003 OSt
005 20220809153106.0
008 220809b xxu||||| |||| 00| 0 eng d
040 _cIIMT UNIVERSITY
100 _aLAL, M.M
245 _aA T.B. ON INTEGRAL CALCULUS AND DIFFERENTIAL EQUATIONS
260 _aMEERUT
_bSHALINI
_c1969
300 _a216
942 _2ddc
_c09